000 00501cam a22001934a 4500
005 20250605164031.0
008 250528s ||||||||||||||||||||||||d
035 _a16623
020 _a9607025156
040 _aGR-AtMCL
_bgre
_dGR-AtMCL
_eAACR2
245 1 _aΧορικό Ασμάτων
260 _c1990
300 _a80
700 1 _aΘουκυδίδης
_92710
700 1 _aΤσιακά-Γιαννοπούλου Καλλίτσα
_92711
942 _cBK
999 _c2102
_d2102